The warmth of other suns (Record no. 749)

MARC details
000 -LEADER
fixed length control field 02506cam a2200445Ii 4500
005 - DATE AND TIME OF LATEST TRANSACTION
control field 20260322212032.0
006 - FIXED-LENGTH DATA ELEMENTS--ADDITIONAL MATERIAL CHARACTERISTICS
fixed length control field data
007 - PHYSICAL DESCRIPTION FIXED FIELD--GENERAL INFORMATION
fixed length control field data
008 - FIXED-LENGTH DATA ELEMENTS--GENERAL INFORMATION
fixed length control field data
020 ## - INTERNATIONAL STANDARD BOOK NUMBER
International Standard Book Number 9780141995151
020 ## - INTERNATIONAL STANDARD BOOK NUMBER
International Standard Book Number 0679763880
020 ## - INTERNATIONAL STANDARD BOOK NUMBER
International Standard Book Number 9780679604075
Qualifying information (electronic bk.)
020 ## - INTERNATIONAL STANDARD BOOK NUMBER
International Standard Book Number 0679604073
Qualifying information (electronic bk.)
020 ## - INTERNATIONAL STANDARD BOOK NUMBER
International Standard Book Number 9780679763888
024 ## - OTHER STANDARD IDENTIFIER
Standard number or code 11741742
040 ## - CATALOGING SOURCE
Original cataloging agency NhCcYBP
Language of cataloging eng
Transcribing agency NhCcYBP
043 ## - GEOGRAPHIC AREA CODE
Geographic area code n-us---
050 #4 - LIBRARY OF CONGRESS CALL NUMBER
Classification number E185.6
Item number .W685 2010
092 ## - LOCALLY ASSIGNED DEWEY CALL NUMBER (OCLC)
Classification number 304.873 W685 2010
001 - CONTROL NUMBER
control field data
100 1# - MAIN ENTRY--PERSONAL NAME
Personal name Wilkerson, Isabel.
Authority record control number or standard number http://id.loc.gov/authorities/names/n2009075226
245 14 - TITLE STATEMENT
Title The warmth of other suns
Medium [electronic resource] :
Remainder of title the epic story of America's great migration /
Statement of responsibility, etc. Isabel Wilkerson.
250 ## - EDITION STATEMENT
Edition statement First Vintage Books, edition.
260 ## - PUBLICATION, DISTRIBUTION, ETC.
Date of publication, distribution, etc. 2010
264 #1 - PRODUCTION, PUBLICATION, DISTRIBUTION, MANUFACTURE, AND COPYRIGHT NOTICE
Place of production, publication, distribution, manufacture New York :
Name of producer, publisher, distributor, manufacturer Vintage Books,
Date of production, publication, distribution, manufacture, or copyright notice 2011.
300 ## - PHYSICAL DESCRIPTION
Other physical details 1 volume ; 20 cm
336 ## - CONTENT TYPE
Content type term text
Content type code txt
Source rdacontent
337 ## - MEDIA TYPE
Media type term computer
Media type code c
Source rdamedia
338 ## - CARRIER TYPE
Carrier type term online resource
Carrier type code cr
Source rdacarrier
504 ## - BIBLIOGRAPHY, ETC. NOTE
Bibliography, etc. note Includes bibliographical references and index.
505 0# - FORMATTED CONTENTS NOTE
Formatted contents note In the land of the forefathers. Leaving ; The Great Migration, 1915-1970 -- Beginnings. Ida Mae Brandon Gladney ; The stirrings of discontent ; George Swanson Starling ; Robert Joseph Pershing Foster ; A burdensome labor ; The Awakening ; Breaking away --Exodus. The appointed time of their crossing ; Crossing over --The kinder mistress. Chicago ; New York ; Los Angeles ; The things they left behind ; Transplanted in alien soil ; Divisions ; To bend in strange winds ; The other side of Jordan ; Complications ; The river keeps running ; The prodigals ; Disillusionment ; Revolutions ; The fullness of the migration --Aftermath. In the places they left ; Losses ; More North and West than South ; Redemption ; And, perhaps, to bloom ; The winter of their lives ; The emancipation of Ida Mae.
506 ## - RESTRICTIONS ON ACCESS NOTE
Terms governing access Access restricted by licensing agreement.
533 ## - REPRODUCTION NOTE
Type of reproduction Electronic reproduction.
Place of reproduction Ipswich, MA
Note about reproduction Available via World Wide Web.
588 ## - SOURCE OF DESCRIPTION NOTE
Source of description note Description based on print version record.
648 #7 - SUBJECT ADDED ENTRY--CHRONOLOGICAL TERM
Chronological term 1900 - 1999
Source of heading or term fast
650 #0 - SUBJECT ADDED ENTRY--TOPICAL TERM
Topical term or geographic name entry element African Americans
General subdivision History
-- History
Chronological subdivision 20th century.
650 #0 - SUBJECT ADDED ENTRY--TOPICAL TERM
Topical term or geographic name entry element Migration, Internal
Geographic subdivision United States
General subdivision History
Chronological subdivision 20th century.
Authority record control number or standard number http://id.loc.gov/authorities/subjects/sh2010101759
650 #0 - SUBJECT ADDED ENTRY--TOPICAL TERM
Topical term or geographic name entry element Rural-urban migration
Geographic subdivision United States
General subdivision History
Chronological subdivision 20th century.
776 08 - ADDITIONAL PHYSICAL FORM ENTRY
Relationship information Print version:
Main entry heading Wilkerson, Isabel.
Title Warmth of other suns.
Edition First Vintage Bks, edition, October 2011
International Standard Book Number 9780679763888
Record control number (DLC) 2009049753
Holdings
Withdrawn status Lost status Damaged status Not for loan Home library Current library Shelving location Date acquired Total checkouts Full call number Barcode Date last seen Price effective from Koha item type
        Franklin Franklin General stacks 22/03/2026   E185.6 .W685 2010 BC0010768 22/03/2026 22/03/2026 Books